000 00339nam a22001337a 4500
008 181023b xxu||||| |||| 00| 0 eng d
020 _a9780415914192
041 _aeng
080 _a101
100 _a24
101 _aFIL
245 _aDislocating Cultures Identities, Traditions, and third World Feminism
_cNarayan,U
942 _2udc
_cBK
999 _c50573
_d50573